Word Ladder: François Truffaut Quiz Stats

 Plays Quiz Updated Jul 30, 2017

Support Sporcle.
Go Orange.
Score 0/28 Timer 03:00
0 Plays Today
Clue 4-Letter Word % Correct
Lion's neck hairMANE
97.8%
Not yoursMINE
97.8%
Camping shelterTENT
97.7%
To produceMAKE
97.6%
Not spicyMILD
97.5%
Large freshwater body of waterLAKE
97.3%
A breezeWIND
97%
• 1970: The ___ Child •
Or feral and untamed
• WILD •
96.9%
An intellectMIND
96.6%
• 1972: Such a Gorgeous Kid ___ Me •
Or Facebook's appreciation clickable button
• LIKE •
96.6%
Be defeatedLOSE
94%
Take care ofTEND
93%
• 1968: The Bride ___ Black •
Or had on an article of clothing
• WORE •
91.9%
• 1980: The ___ Metro •
Or at the end of the pack
• LAST •
91%
Clue 4-Letter Word % Correct
Meander in a specific directionWEND
90.9%
Use a surgical beamLASE
90%
Froth from the mouthFOAM
89.3%
Limb-less invertebrateWORM
89.1%
Collected knowledgeLORE
89.1%
Wander aboutROAM
89%
Shape, to an artistFORM
88.5%
An inventoryLIST
87.3%
• 1978: The Green ___
Or a building's individual component
• ROOM •
86.3%
• 1981: The Woman [first rung] ___
Or an entryway
• DOOR •
85.5%
A tragic fateDOOM
85.1%
Nobel Prize winning nuclear chemist, MeitnerLISE
83.1%
Written wordsTEXT
82.8%
• 1981: The Woman ___ [last rung] •
Or subsequent
• NEXT •
78.9%

Today's Daily Dose

Missing Word
AMC Shows

Word Ladder
Makeup

Get the Picture
Guitarists

You're not logged in!

Compare scores with friends on all Sporcle quizzes.
OR
Log In
Forgot?

From the Vault

'Rib' Words

by nspyred

These words don't have any spare ribs--you could say they have one prime rib.
Remove Ads.
Support Sporcle.
Get the best of Sporcle when you Go Orange. This ad-free experience offers more features, more stats, and more fun while also helping to support Sporcle. Thank you for becoming a member.

Show Comments

Extras

Top Quizzes Today


Score Distribution

Your Account Isn't Verified!

In order to create a playlist on Sporcle, you need to verify the email address you used during registration. Go to your Sporcle Settings to finish the process.

Report this User

Report this user for behavior that violates our Community Guidelines.

Details: